| 000 | 00406nam a22001337a 4500 | ||
|---|---|---|---|
| 020 | _a9781580537438 | ||
| 040 | _cNust | ||
| 082 |
_a621.382 _bPOI |
||
| 100 |
_a Poisel, Richard A. _956673 |
||
| 245 | _aModern Communications Jamming Principles and Techniques | ||
| 260 |
_aLondon: _bArtech House Inc, _c2004. |
||
| 650 |
_aModern Communications Jamming Principles and Techniques _9124844 |
||
| 942 |
_2ddc _cBK |
||
| 999 |
_c610631 _d610631 |
||